Human rights commission activities in Tamil Nadu / (Record no. 42259)

MARC details
000 -LEADER
fixed length control field 00757nam a22002057a 4500
005 - DATE AND TIME OF LATEST TRANSACTION
control field 2010081707387.0
010 ## - LCCN (DPL NO)
LC control number ENG-100629
020 ## - INTERNATIONAL STANDARD BOOK NUMBER
International Standard Book Number 9788190761536
Terms of availability 80.00
035 ## - SYSTEM CONTROL NUMBER
System control number EN-84162
037 ## - SOURCE OF ACQUISITION
Source of stock number/acquisition DBAD/PUB
082 ## - DEWEY DECIMAL CLASSIFICATION NUMBER
Classification number 341.48
100 ## - MAIN ENTRY--PERSONAL NAME
Personal name Prasanth, M.
245 ## - TITLE STATEMENT
Title Human rights commission activities in Tamil Nadu /
Statement of responsibility, etc by M. Prasanth
260 ## - PUBLICATION, DISTRIBUTION, ETC. (IMPRINT)
Place of publication, distribution, etc Chennai
Name of publisher, distributor, etc Mahakavi Pathippagam
Date of publication, distribution, etc 2008
270 ## - ADDRESS
Address 12/34, Well Street, Ethirajapuram, West Tambaram
City Chennai
Postal code 45
300 ## - PHYSICAL DESCRIPTION
Extent 76p.
Dimensions 21cm (pbk)
650 ## - SUBJECT ADDED ENTRY--TOPICAL TERM
Topical term or geographic name as entry element Tamil Nadu, Commission on Human Right
942 ## - ADDED ENTRY ELEMENTS (KOHA)
Source of classification or shelving scheme Dewey Decimal Classification
Item type English Books
Classification part 341.48
Call number suffix PRA
Holdings
Withdrawn status Lost status Not for loan Collection code Home library Current library Date acquired Source of acquisition Cost, normal purchase price Full call number Barcode Copy number Koha item type
    Not For Loan Non-fiction D.B.Act.Division D.B.Act.Division 17/08/2010 DBAD/PUB 80.00 341.48 PRA EN-84162 1 English Books

© Delhi Public Library
Hit Counter
free hit counter